All NFL Head Coaches of the 2020s - Statistics

General Stats
  • This quiz has been taken 58 times
  • The average score is 58 of 83
Answer Stats
Head Coaches % Correct
Andy Reid
98%
Jim Harbaugh
98%
John Harbaugh
98%
Kyle Shanahan
98%
Mike Tomlin
98%
Mike Vrabel
98%
Mike Vrabel
98%
Pete Carroll
98%
Pete Carroll
98%
Sean McVay
98%
Bill Belichick
94%
Brian Daboll
94%
Matt LaFleur
94%
Mike McCarthy
94%
Ben Johnson
91%
Mike McDaniel
91%
Nick Sirianni
91%
Sean Payton
91%
Sean Payton
91%
Todd Bowles
91%
Aaron Glenn
89%
Dan Campbell
89%
Jonathan Gannon
89%
Kevin Stefanski
89%
Robert Saleh
89%
Doug Pederson
87%
Doug Pederson
87%
Kevin O'Connell
87%
Mike McDonald
87%
Sean McDermott
87%
Demeco Ryans
85%
Zac Taylor
85%
Dan Quinn
83%
Dan Quinn
83%
Jerod Mayo
83%
Liam Coen
83%
Shane Steichen
83%
Brian Schottenheimer
81%
Ron Rivera
81%
Bruce Arians
77%
Jon Gruden
77%
Kellen Moore
77%
Raheem Morris
77%
Dennis Allen
74%
Arthur Smith
72%
Brian Callahan
72%
Frank Reich
72%
Frank Reich
72%
Giff Smith
72%
Josh McDaniels
72%
Lovie Smith
72%
Matt Eberflus
72%
Brandon Staley
68%
Dave Canales
68%
Kliff Kingsbury
68%
Matt Nagy
66%
Antonio Pierce
64%
Urban Meyer
64%
Brian Flores
62%
Anthony Lynn
60%
Matt Patricia
60%
Mike Zimmer
57%
Adam Gase
55%
Nathaniel Hackett
53%
Bill O'Brien
51%
Joe Judge
51%
Matt Rhule
47%
Mike Kafka
47%
Jeff Saturday
43%
Vic Fangio
43%
Doug Marrone
34%
David Culley
32%
Rich Bisaccia
32%
Jeff Ulbrich
30%
Steve Wilks
26%
Mike McCoy
23%
Darren Rizzi
17%
Romeo Crennel
15%
Thomas Brown
15%
Darrell Bevell
11%
Darrell Bevell
11%
Chris Tabor
6%
Jerry Rosburg
0%
No matching quizzes found
Score Distribution
Percent of People with Each Score
Percentile by Number Answered
Your Score History
You have not taken this quiz